Psychology in action, (Record no. 541959)

000 -LEADER
fixed length control field 00565cam a22001691 4500
082 ## - DEWEY DECIMAL CLASSIFICATION NUMBER
Classification number 150
Author Mark CLA
-- MCE31.p4
100 1# - MAIN ENTRY--PERSONAL NAME
Personal name Clawson, Joseph,
9 (RLIN) 37034
245 10 - TITLE STATEMENT
Title Psychology in action,
Statement of responsibility, etc. by Joseph Clawson.
260 ## - PUBLICATION, DISTRIBUTION, ETC.
Place of publication, distribution, etc. New York,
Name of publisher, distributor, etc. The Macmillan company,
Date of publication, distribution, etc. 1946.
300 ## - PHYSICAL DESCRIPTION
Extent xi, [1] p., 1 l., 289 p.
Other physical details illus., plates, diagrs.
Dimensions 24 cm.
500 ## - GENERAL NOTE
General note "First printing."
500 ## - GENERAL NOTE
General note "Key to references and acknowledgments": p. 275-280.
526 ## - STUDY PROGRAM INFORMATION NOTE
Program name 0
Interest level 0
Reading level 0
Title point value 150_000000000000000_CLA
650 #0 - SUBJECT ADDED ENTRY--TOPICAL TERM
Topical term or geographic name entry element MCE
9 (RLIN) 379
650 #0 - SUBJECT ADDED ENTRY--TOPICAL TERM
Topical term or geographic name entry element Psychology, Applied.
9 (RLIN) 4078
942 ## - ADDED ENTRY ELEMENTS (KOHA)
Source of classification or shelving scheme
Koha item type Book
Holdings
Withdrawn status Lost status Source of classification or shelving scheme Damaged status Not for loan Permanent Location Current Location Date acquired Total Checkouts Full call number Barcode Date last seen Price effective from Koha item type
          Military College of Engineering (MCE) Military College of Engineering (MCE) 09/12/2013   150 CLA MCE-40386 09/12/2013 09/12/2013 Book
© 2023 Central Library, National University of Sciences and Technology. All Rights Reserved.